| 000 | 01274nam a2200325 a 4500 | ||
|---|---|---|---|
| 001 | ebr10614828 | ||
| 003 | CaPaEBR | ||
| 006 | m u | ||
| 007 | cr cn||||||||| | ||
| 008 | 130105s2012 ne sb 000 0 eng d | ||
| 020 | _z9789460919954 (pbk.) | ||
| 020 | _z9789460919961 (hardback) | ||
| 020 | _z9789460919978 (e-book) | ||
| 040 |
_aCaPaEBR _cCaPaEBR |
||
| 035 | _a(OCoLC)825767717 | ||
| 050 | 1 | 4 |
_aBD450 _b.S73 2012eb |
| 100 | 1 | _aStables, Andrew. | |
| 245 | 1 | 0 |
_aBe(com)ing human _h[electronic resource] : _bsemiosis and the myth of reason / _cAndrew Stables. |
| 260 |
_aRotterdam : _bSense Publishers, _c2012. |
||
| 300 | _axii, 142 p. | ||
| 490 | 1 |
_aEducational futures : rethinking theory and practice ; _vv. 56 |
|
| 504 | _aIncludes bibliographical references. | ||
| 533 |
_aElectronic reproduction. _bPalo Alto, Calif. : _cebrary, _d2013. _nAvailable via World Wide Web. _nAccess may be limited to ebrary affiliated libraries. |
||
| 650 | 0 | _aPhilosophical anthropology. | |
| 650 | 0 | _aHumanity. | |
| 655 | 7 |
_aElectronic books. _2local |
|
| 710 | 2 | _aebrary, Inc. | |
| 830 | 0 |
_aEducational futures ; _vv. 56. |
|
| 856 | 4 | 0 |
_uhttp://site.ebrary.com/lib/rucke/Doc?id=10614828 _zAn electronic book accessible through the World Wide Web; click to view |
| 999 |
_c205562 _d205562 |
||